Capitals of the world - Statistics

General Stats
  • This quiz has been taken 17 times
  • The average score is 11 of 15
Answer Stats
Capitals Answer % Correct
United Kingdom London
100%
Finland Helsinki
94%
Sweden Stockholm
88%
Jamaica Kingston
81%
Algeria Algiers
75%
Afghanistan Kabul
75%
Panama Panama City
75%
Ecuador Quito
75%
Albania Tirana
69%
Azerbaijan Baku
63%
Cambodia Phnom Penh
63%
Bolivia Sucre
63%
South Sudan Juba
50%
Cameroon Yaounde
50%
Tanzania Dodoma
44%
No matching quizzes found
Score Distribution
Percent of People with Each Score
Percentile by Number Answered
Your Score History
You have not taken this quiz